| 000 | 00718cam a22002292 4500 | ||
|---|---|---|---|
| 001 | 0000021303 | ||
| 005 | 20151217155231.0 | ||
| 008 | 120312s xx 000 0 eng d | ||
| 020 | _a0070594996 | ||
| 040 |
_aKABU _cKABU |
||
| 100 | 1 |
_aHarrington, Scott, Gregory R. Niehaus. _@0000182119 |
|
| 245 | 1 | 0 |
_aRisk management and insurance / _cScott E. Harrington, Gregory R. Niehaus. |
| 250 | _a2nd ed. | ||
| 260 |
_aNew Delhi : _bMcGraw-Hill, _c2004. |
||
| 300 | _axxiv, 672 p. | ||
| 650 | 0 |
_aRisk management. _@0000150875 |
|
| 650 | 0 |
_aInsurance. _@0000152709 |
|
| 700 | 1 |
_aNiehaus, Gregory R. _@0000182120 |
|
| 852 | 1 | _9p5230 KES | |
| 908 | _a120312 | ||
| 950 | _@1 | ||
| 999 |
_c12178 _d12178 |
||